• Lehar Franz

di Personal Name

Records bibliografici associati: 1

001 - CONTROL NUMBER

  • control field: 6015

003 - CONTROL NUMBER IDENTIFIER

  • control field: IT-RoPau

005 - DATE AND TIME OF LATEST TRANSACTION

  • control field: 20131218161231.0

008 - FIXED-LENGTH DATA ELEMENTS

  • fixed length control field: 131218|| aca||aabn | a|a d

040 ## - CATALOGING SOURCE

  • Original cataloging agency: IT-RoPau
  • Transcribing agency: IT-RoPau

100 ## - HEADING--PERSONAL NAME

  • Personal name: Lehar Franz
  • Dates associated with a name: Codice autore musica SPICS: 1257
  • Relator term: Autore musica
  • Name of part/section of a work: La Vedova allegra: romanza di Vilja - La Danza delle libellule: il dox delle gigolettes - Paganini: se la bocca vuol baciare - Il Paese del sorriso: Tu che m'hai preso il cuor

670 ## - SOURCE DATA FOUND

  • Source citation: Work cat.: (IT-RoPau)103004: AA.VV. 794, Operette allo specchio (Lp Vpas 929)
CREDITS: SOCIETA' SAN PAOLO Via A.Severo, 58 - ROMA (RM) & PERIODICI SAN PAOLO SRL Via Giotto, 36 MILANO & CISF Via Giotto, 36 MILANO & EDIZIONI SAN PAOLO SRL,  Piazza Soncino, 5 CINISELLO BALSAMO (MI) -- ITALY